| 000 | 00417nam a22001577a 4500 | ||
|---|---|---|---|
| 003 | NUST - PNEC | ||
| 005 | 20170116181041.0 | ||
| 008 | 150922b xxu||||| |||| 00| 0 eng d | ||
| 040 | _cLIBRARY | ||
| 082 | _a621.395 MOT | ||
| 100 |
_911582 _aMotorola FACT data |
||
| 245 |
_aMotorola FACT data _cMotorola Inc. |
||
| 260 | _c1993 | ||
| 650 |
_911583 _aMetal oxide semiconductors, Complementary _xME |
||
| 942 |
_2ddc _cBK |
||
| 999 |
_c68090 _d68090 |
||